| 000 | 00514 a2200181 4500 | ||
|---|---|---|---|
| 003 | OSt | ||
| 005 | 20230826153630.0 | ||
| 008 | 230826b |||||||| |||| 00| 0 eng d | ||
| 020 | _a9789357059602 | ||
| 040 | _coclc | ||
| 082 |
_a658.15 _bDHA/F |
||
| 100 |
_aDhamija, Sanjay _99372 |
||
| 245 |
_aFINANCIAL ACCOUNTING FOR MANAGERS / _cSanjay Dhamija. |
||
| 250 | _a4th ed. | ||
| 260 |
_aChennai: _bPearson, _c2023. |
||
| 300 | _a515 pages | ||
| 942 |
_2ddc _cBK _h658.15 _iDHA/F _k658.15 _mDHA/F |
||
| 999 |
_c42020 _d42020 |
||